Teora̕ del delito y el estado social y democrt̀ico de derecho

Detalles Bibliográficos
Autor principal: Piva Torres, Gianni Egidio
Formato: eBook
Lenguaje:español
Publicado: Barcelona: J.M. Bosch Editor, 2019
Materias:
Acceso en línea:Acceso restringido

MARC

LEADER 00000nam a22000007a 4500
005 20190402225146.0
007 cr|||| ||||
008 190402s2019 es |||||s|||| 00||0 spa d
020 |a 978-84-949922-1-6 
035 |a 23237 
040 |a vLex 
090 |c 8546  |d 8546 
100 1 |a Piva Torres, Gianni Egidio 
245 1 0 |a Teora̕ del delito y el estado social y democrt̀ico de derecho  |h [Recurso electrn̤ico] /  |c Gianni Egidio Piva Torres 
256 |a Servicio en ln̕ea 
260 |a Barcelona:  |b J.M. Bosch Editor,  |c 2019 
300 |a 1 recurso electrn̤ico 
506 1 |a Disponible solo en los productos indicados  |d vLex Global  |d vLex Global (Academic Edition, excluding Law Schools)  |d vLex Global (U.S. Academic Edition, Law Schools)  |d vLex Global (U.S. Academic Edition, excluding Law Schools)  |d vLex Global (Academic Edition, Law Schools) 
650 0 4 |a Derecho Penal  |z Espaą 
740 0 |a vLex Libros (Servicio en ln̕ea) 
856 4 0 |u http://vlex.com/source/teoria-delito-estado-social-democratico-derecho-23237  |z Acceso restringido 
942 |c BOOK 
999 0 |a Criminal law